Prix Goncourt des lycéens - Statistiques

Statistiques générales
  • Ce quiz a été pris 33 fois
    32 depuis la dernière actualisation
  • Le résultat moyen est 23 sur 37
Statistiques - réponses
Hint Réponse % Correct
Petit Pays Gaël Faye
93%
La Vérité sur l'affaire Harry Quebert Joël Dicker
86%
L'Art de perdre Alice Zeniter
79%
Charlotte David Foenkinos
79%
D'après une histoire vraie Delphine de Vigan
79%
L'Exposition coloniale Erik Orsenna
79%
Les Choses humaines Karine Tuil
79%
La Mort du roi Tsongor Laurent Gaudé
79%
Triste Tigre Neige Sinno
79%
Un secret Philippe Grimbert
79%
Madelaine avant l'aube Sandrine Collette
79%
Le Quatrième Mur Sorj Chalandon
79%
Le Testament français Andreï Makine
71%
Un brillant avenir Catherine Cusset
71%
S'adapter Clara Dupont-Monod
71%
Les Impatientes Djaïli Amadou Amal
71%
Le Club des incorrigibles optimistes Jean-Michel Guenassia
71%
Un grand pas vers le bon Dieu Jean Vautrin
71%
Le Rapport de Brodeck Philippe Claudel
71%
Beyrouth-sur-Seine Sabyl Ghoussoub
71%
Magnus Sylvie Germain
71%
Du domaine des Murmures Carole Martinez
64%
Frère d'âme David Diop
64%
Parle-leur de batailles, de rois et d'éléphants Mathias Énard
64%
Contours du jour qui vient Léonora Miano
57%
Les Filles du Calvaire Pierre Combescot
57%
L'Île du lézard vert Eduardo Manet
50%
Première Ligne Jean-Marie Laclavetine
50%
Instruments des ténèbres Nancy Huston
50%
Allah n'est pas obligé Ahmadou Kourouma
43%
Belle mère Claude Pujade-Renaud
43%
Mille six cents ventres Luc Lang
43%
Le Petit Prince cannibale Françoise Lefèvre
36%
Farrago Yann Apperry
36%
La Joueuse de go Shan Sa
29%
Canines Anne Wiazemsky
21%
Le Maître des paons Jean-Pierre Milovanoff
14%
Aucun quiz correspondant
Distribution des résultats
% des personnes avec chaque résultat
Percentile par nombre de réponses
Votre historique - résultats
Vous n’avez pas pris ce quiz depuis la dernière actualisation